Expresso 50 (Record no. 45247)

MARC details
000 -Etiqueta do registo
Valores 00503nas a220020500 4500
100 ## - Dados gerais de processamento
Dados gerais 20220525d2022 k y0pory5003 ba
101 0# - Língua de publicação
Língua por
102 ## - País de publicação
País PT
200 1# - Titulo e menção de responsabilidade
Título próprio Expresso 50
Informação de outro título O Futuro Foi Ontem
Primeira menção de responsabilidade Expresso
210 ## - Publicação
Local de publicação Lisboa
Nome do editor Expresso
Data de publicação 2023
215 ## - Descrição física 
Paginação / Volumes 5 v
300 ## - Notas gerais 
Texto da nota Parte integrante do Jornal Expresso
675 ## - CDU
Notação 929
Edição BN
Língua por
675 ## - CDU
Notação 929 A/Z
675 ## - CDU
Notação 929(469)(05) A/Z
702 #1 - Autor secundário
Apelido Faton,
Nome Louis
Função 300
801 #0 - Fonte de origem
País PT
Agência FO
Regras de catalogação RPC
990 ## - Elementos KOHA
Tipo de documento Jornais e Revistas
Holdings
Aquisição Empréstimo Código de barras Cota Permissão de empréstimo Tipo de documento Nota relativa ao exemplar
Biblioteca Municipal de Redondo Biblioteca Municipal de Redondo 055951 929(05) A/Z EXP Consulta presencial Jornais e Revistas n.º 1
Biblioteca Municipal de Redondo Biblioteca Municipal de Redondo 055952 929(05) A/Z EXP Consulta presencial Jornais e Revistas n.º 2
Biblioteca Municipal de Redondo Biblioteca Municipal de Redondo 055953 929(05) A/Z EXP Consulta presencial Jornais e Revistas n.º 3
Biblioteca Municipal de Redondo Biblioteca Municipal de Redondo 055954 929(05) A/Z EXP Consulta presencial Jornais e Revistas n.º 4
Biblioteca Municipal de Redondo Biblioteca Municipal de Redondo 055955 929(05) A/Z EXP Consulta presencial Livro n.º 5

Powered by Koha